000 00551nam a22001817a 4500
005 20251108164829.0
008 250721s1994 xx 000 0 ara d
082 1 4 _a813.909/أحم
100 1 _aأبو مطر، أحمد
245 1 0 _aالرواية و الحرب /
264 1 _aبيروت :
_bالمؤسسة العربية للدراسات و النشر،
_c1994.
300 _a205ص
650 1 7 _aالقصص العربية
650 1 7 _aالتاريخ الأدبي
650 1 7 _aالنقد الأدبي
942 _2ddc
_cBK
999 _c15387
_d15387